|
|
|
|
| LEADER |
00000nam0a2200000 4500 |
| 001 |
119469 |
| 005 |
20231031124617.0 |
| 035 |
|
|
|a (RuTPU)RU\TPU\book\129299
|
| 090 |
|
|
|a 119469
|
| 100 |
|
|
|a 20070705d1960 m y0rusy50 ca
|
| 101 |
0 |
|
|a rus
|
| 102 |
|
|
|a RU
|
| 105 |
|
|
|a a z 001zy
|
| 200 |
1 |
|
|a Минералого-геохимические фации и условия образования нефтепроизводящих терригенных отложений девона Западной Башкирии и Восточной Татарии
|f Г. И. Теодорович [и др.]
|g Академия наук СССР (АН СССР) ; Институт геологии и разработки горючих ископаемых (ИГиРГИ)
|
| 210 |
|
|
|a Москва
|c Изд-во Академии наук СССР
|d 1960
|
| 215 |
|
|
|a 150 с.
|c ил.
|
| 320 |
|
|
|a Библиогр.: с. 134-136.
|
| 610 |
1 |
|
|a геология
|
| 610 |
1 |
|
|a геохимия
|
| 610 |
1 |
|
|a девонские отложения
|
| 610 |
1 |
|
|a нефтеносные районы
|
| 675 |
|
|
|a 551.734
|v 3
|
| 675 |
|
|
|a 552.5
|v 3
|
| 675 |
|
|
|a 553.982
|v 3
|
| 701 |
|
1 |
|a Теодорович
|b Г. И.
|
| 701 |
|
1 |
|a Полонская
|b Б. Я.
|
| 701 |
|
1 |
|a Андрианова
|b А. Г.
|
| 701 |
|
1 |
|a Меламедова
|b В. С.
|
| 701 |
|
1 |
|a Писаренко
|b И. А.
|
| 701 |
|
1 |
|a Шведова
|b Т. М.
|
| 712 |
0 |
2 |
|a Академия наук СССР (АН СССР)
|2 stltpush
|3 (RuTPU)RU\TPU\col\722
|
| 712 |
0 |
2 |
|a Институт геологии и разработки горючих ископаемых (ИГиРГИ)
|c (Москва)
|2 stltpush
|3 (RuTPU)RU\TPU\col\294
|
| 801 |
|
1 |
|a RU
|b 63413507
|c 20070705
|g PSBO
|
| 801 |
|
2 |
|a RU
|b 63413507
|c 20080710
|g PSBO
|
| 942 |
|
|
|c BK
|